Modern Techniques of Surface Science. (Record no. 8329)

MARC details
000 -LEADER
fixed length control field 00532nam a22001937a 4500
003 - CONTROL NUMBER IDENTIFIER
control field OSt
005 - DATE AND TIME OF LATEST TRANSACTION
control field 20240514121917.0
008 - FIXED-LENGTH DATA ELEMENTS--GENERAL INFORMATION
fixed length control field 240514b |||||||| |||| 00| 0 eng d
020 ## - INTERNATIONAL STANDARD BOOK NUMBER
International Standard Book Number 0521424984
040 ## - CATALOGING SOURCE
Transcribing agency DDC
082 ## - DEWEY DECIMAL CLASSIFICATION NUMBER
Edition number Second Edition
Classification number 530.4 WOO 1994
100 ## - MAIN ENTRY--PERSONAL NAME
Relator code Delchar T.A, Woodruff D.P.
245 ## - TITLE STATEMENT
Title Modern Techniques of Surface Science.
260 ## - PUBLICATION, DISTRIBUTION, ETC. (IMPRINT)
Place of publication, distribution, etc. UK,
Name of publisher, distributor, etc. University of Cambridge,
Date of publication, distribution, etc. 1994.
300 ## - PHYSICAL DESCRIPTION
Extent xvii;586p,
Other physical details ill,
Dimensions 22.7cm.
504 ## - BIBLIOGRAPHY, ETC. NOTE
Bibliography, etc References,indexes
650 ## - SUBJECT ADDED ENTRY--TOPICAL TERM
Topical term or geographic name as entry element Physics
9 (RLIN) 809
942 ## - ADDED ENTRY ELEMENTS (KOHA)
Source of classification or shelving scheme Dewey Decimal Classification
Koha item type Open Shelf
Holdings
Withdrawn status Lost status Source of classification or shelving scheme Damaged status Not for loan Home library Current library Source of acquisition Inventory number Total Checkouts Full call number Barcode Date last seen Koha item type Date acquired Price effective from
    Dewey Decimal Classification     MUST Main Library MUST Main Library Donation 20440   530.4 WOO 1994 2024-0186 14/05/2024 Open Shelf    
    Other/Generic Classification Scheme     MUST Main Library MUST Main Library       530.4 WOO 1994   14/05/2024 Open Shelf 14/05/2024 14/05/2024